Nato member countries - Statistics

General Stats
  • This quiz has been taken 60 times
  • The average score is 22 of 32
Answer Stats
Hint Answer % Correct
1949 France
97%
1955 Germany
87%
1949 Netherlands
85%
1949 United States
85%
1949 Belgium
82%
1949 Portugal
82%
2024 Sweden
82%
1949 Italy
79%
1982 Spain
77%
1949 United Kingdom
77%
1949 Canada
74%
2023 Finland
74%
1999 Poland
74%
1952 Greece
72%
1949 Luxembourg
72%
1949 Norway
72%
1949 Denmark
69%
2004 Slovenia
69%
2004 Bulgaria
67%
1999 Czechia
67%
2004 Estonia
64%
2004 Latvia
64%
2004 Lithuania
64%
2009 Croatia
62%
2004 Slovakia
62%
1999 Hungary
59%
1949 Iceland
59%
2004 Romania
59%
2009 Albania
56%
2017 Montenegro
36%
2020 North Macedonia
36%
1952 Türkiye
15%
No matching quizzes found
Score Distribution
Percent of People with Each Score
Percentile by Number Answered
Your Score History
You have not taken this quiz